The disciple : (Record no. 9874)
[ view plain ]
| 000 -LEADER | |
|---|---|
| fixed length control field | 01674cam a22003858i 4500 |
| 001 - CONTROL NUMBER | |
| control field | 20897764 |
| 003 - CONTROL NUMBER IDENTIFIER | |
| control field | GBCCL |
| 005 - DATE AND TIME OF LATEST TRANSACTION | |
| control field | 20241126110720.0 |
| 008 - FIXED-LENGTH DATA ELEMENTS--GENERAL INFORMATION | |
| fixed length control field | 190320s2019 ilu b 001 0 eng |
| 010 ## - | |
| -- | 2019013148 |
| 020 ## - INTERNATIONAL STANDARD BOOK NUMBER | |
| International Standard Book Number | 9780830843671 (pbk. : alk. paper) |
| 040 ## - CATALOGING SOURCE | |
| Original cataloging agency | DLC |
| Language of cataloging | eng |
| Description conventions | rda |
| Transcribing agency | DLC |
| 042 ## - | |
| -- | pcc |
| 050 00 - | |
| -- | BV4501.3 |
| -- | .S76525 2019 |
| 082 00 - DEWEY DECIMAL CLASSIFICATION NUMBER | |
| Classification number | 248.4 |
| Edition information | 23 |
| Item number | STO |
| 100 1# - MAIN ENTRY--PERSONAL NAME | |
| Personal name | Stott, John R. W., |
| Relator term | author. |
| 9 (RLIN) | 325 |
| 245 14 - TITLE STATEMENT | |
| Title | The disciple : |
| Remainder of title | a calling to be Christlike / |
| Statement of responsibility, etc. | John Stott with Tim Chester. |
| 263 ## - PROJECTED PUBLICATION DATE | |
| Projected publication date | 1906 |
| 264 #1 - PRODUCTION, PUBLICATION, DISTRIBUTION, MANUFACTURE, AND COPYRIGHT NOTICE | |
| Place of production, publication, distribution, manufacture | Downers Grove : |
| Name of producer, publisher, distributor, manufacturer | InterVarsity Press, |
| Date of production, publication, distribution, manufacture, or copyright notice | 2019. |
| 300 ## - PHYSICAL DESCRIPTION | |
| Extent | pages cm. |
| 336 ## - CONTENT TYPE | |
| Content type term | text |
| Content type code | txt |
| Source | rdacontent |
| 337 ## - MEDIA TYPE | |
| Media type term | unmediated |
| Media type code | n |
| Source | rdamedia |
| 338 ## - CARRIER TYPE | |
| Carrier type term | volume |
| Carrier type code | nc |
| Source | rdacarrier |
| 490 0# - SERIES STATEMENT | |
| Series statement | The contemporary Christian series |
| 500 ## - GENERAL NOTE | |
| General note | "Adapted from John Stott, The Contemporary Christian (1992) . . . with extra text, including questions, by Tim Chester." |
| 500 ## - GENERAL NOTE | |
| General note | The listening ear -- Mind and emotions -- Guidance, vocation and ministry -- The first fruit of the Spirit. |
| 504 ## - BIBLIOGRAPHY, ETC. NOTE | |
| Bibliography, etc. note | Includes bibliographical references and index. |
| 505 0# - FORMATTED CONTENTS NOTE | |
| Formatted contents note | The then and the now -- The listening ear -- Mind and emotions -- Guidance, vocation, and ministry -- The first fruit of the spirit -- The now and the not yet. |
| 650 #0 - SUBJECT ADDED ENTRY--TOPICAL TERM | |
| Topical term or geographic name entry element | Christian life. |
| 9 (RLIN) | 183 |
| 700 1# - ADDED ENTRY--PERSONAL NAME | |
| Personal name | Chester, Tim, |
| Relator term | author. |
| 9 (RLIN) | 15354 |
| 776 08 - ADDITIONAL PHYSICAL FORM ENTRY | |
| Relationship information | Online version: |
| Main entry heading | Stott, John R. W., author. |
| Title | Disciple |
| Place, publisher, and date of publication | Downers Grove : InterVarsity Press, 2019 |
| International Standard Book Number | 9780830864478 |
| Record control number | (DLC) 2019015975 |
| 906 ## - LOCAL DATA ELEMENT F, LDF (RLIN) | |
| a | 7 |
| b | cbc |
| c | orignew |
| d | 1 |
| e | ecip |
| f | 20 |
| g | y-gencatlg |
| 942 ## - ADDED ENTRY ELEMENTS (KOHA) | |
| Source of classification or shelving scheme | Dewey Decimal Classification |
| Koha item type | Books |
| Withdrawn status | Lost status | Source of classification or shelving scheme | Damaged status | Not for loan | Home library | Current Library | Shelving location | Date acquired | Total checkouts | Full call number | Barcode | Date last seen | Copy number | Price effective from | Koha item type |
|---|---|---|---|---|---|---|---|---|---|---|---|---|---|---|---|
| Dewey Decimal Classification | GRACE BIBLE COLLEGE | GRACE BIBLE COLLEGE | Ministry & Mission | 2023-08-09 | 248.4 STO | 016094 | 2025-05-01 | c.1 | 2023-08-09 | Books |